000 00719nam a2200241Ia 4500
003 OSt
005 20220925232728.0
006 a|||||r|||| 00| 0
007 ta
008 220923b |||||||| |||| 00| 0 eng d
020 _a8178292025
037 _cGeneral Book
040 _aRTL
_cRTL
_beng
041 _2eng
_aeng
082 _aY73:4.43.P, P3
100 _aGanguly Rajat Ed.
_930358
245 0 _aEthnic Conflict and Secessionism in South and Southeast Asia
_bCauses ,Dynamics, Solutions
260 _aND
_bSage
_c2003
300 _a292p
_ccm.
700 _a Macduff lan
_9297597
942 _hY73:4.43.P, P3
_cGB
_2CC
999 _c591964
_d591964